000 00344nam a2200121 4500
008 b xx# ara u
040 _aLB-BrCRDP
082 1 _a920.7
_bS113q
100 1 _aرفعت, سابا
245 1 0 _aقصص موسى الفيعاني
_cرفعت سابا
942 _cBK
999 _c8760
_d8760